[Event "Karksi rapid op"]
[Site "Karksi Nuia"]
[Date "2009.07.31"]
[Round "6"]
[White "Tuul, Tarmo"]
[Black "Mondrescu, Ion"]
[Result "1-0"]
[WhiteElo "2220"]
[BlackElo "2086"]
[PlyCount "75"]
[EventDate "2009.07.31"]
[EventType "swiss (rapid)"]
[EventRounds "7"]
[EventCountry "EST"]
[SourceTitle "EXT 2018"]
[Source "ChessBase"]
[SourceDate "2017.10.13"]
[SourceVersion "1"]
[SourceVersionDate "2017.10.13"]
[SourceQuality "1"]

1. d4 d5 2. Bg5 Nf6 3. Bxf6 exf6 4. e3 Bd6 5. c4 c6 6. Nc3 dxc4 7. Bxc4 0-0 8. Qh5 Be6 9. Bd3 g6 10. Qh6 Re8 11. h4 Bf8 12. Qf4 Bg7 13. h5 g5 14. Qf3 h6 15. Nge2 Qd7 16. Qe4 f5 17. Qf3 Na6 18. a3 Nc7 19. 0-0 Nd5 20. Nxd5 cxd5 21. Ng3 Rac8 22. Nxf5 Rc7 23. Nxg7 Kxg7 24. Rac1 Rec8 25. Rxc7 Rxc7 26. Qg3 Rc8 27. f4 Qc7 28. Kh2 f6 29. Qe1 Bf7 30. g4 Re8 31. Qf2 Be6 32. Kh3 Qd7 33. fxg5 Bxg4+ 34. Kg3 Rf8 35. gxf6+ Kh8 36. Qf4 Be6 37. Qxh6+ Kg8 38. Kh4 1-0

[Event "Viljandimaa Region-ch"]
[Site "Viljandi"]
[Date "2005.11.12"]
[Round "4"]
[White "Mondrescu, Ion"]
[Black "Braschinsky, Leo"]
[Result "0-1"]
[WhiteElo "2073"]
[BlackElo "2143"]
[PlyCount "66"]
[EventDate "2005.10.29"]
[EventType "tourn"]
[EventRounds "9"]
[EventCountry "EST"]
[SourceTitle "EXT 2018"]
[Source "ChessBase"]
[SourceDate "2017.10.13"]
[SourceVersion "1"]
[SourceVersionDate "2017.10.13"]
[SourceQuality "1"]

1. d4 Nf6 2. c4 e6 3. Nc3 Bb4 4. Qc2 d5 5. e3 0-0 6. Nf3 c5 7. a3 Bxc3+ 8. bxc3 Qc7 9. Bd3 Nbd7 10. 0-0 dxc4 11. Bxc4 cxd4 12. cxd4 Nb6 13. Bd3 Qxc2 14. Bxc2 Bd7 15. Bd3 Rfc8 16. Ne5 Ba4 17. Bd2 Bc2 18. Be2 Nfd7 19. Nxd7 Nxd7 20. Bf3 Rc7 21. Bb4 Nb6 22. Ba5 Rac8 23. g4 h6 24. Rfc1 Bd3 25. Rxc7 Rxc7 26. Ra2 Rc1+ 27. Kg2 Bf1+ 28. Kg3 Nc4 29. Bb4 a5 30. Bd2 Rb1 31. Rc2 Bd3 32. Ra2 Rg1+ 33. Kh3 Bb1 0-1

[Event "Viljandimaa Kreis-ch"]
[Site "Viljandi"]
[Date "2003.11.22"]
[Round "11"]
[White "Elmaste, Gert"]
[Black "Mondrescu, Ion"]
[Result "1-0"]
[WhiteElo "2200"]
[BlackElo "2083"]
[PlyCount "55"]
[EventDate "2003.10.18"]
[EventType "tourn"]
[EventRounds "14"]
[EventCountry "EST"]
[SourceTitle "EXT 2018"]
[Source "ChessBase"]
[SourceDate "2017.10.13"]
[SourceVersion "1"]
[SourceVersionDate "2017.10.13"]
[SourceQuality "1"]

1. e4 e5 2. Nf3 Nc6 3. Bc4 Nf6 4. d3 Be7 5. Nc3 0-0 6. h3 d6 7. 0-0 Na5 8. Bb3 c6 9. Nh2 Nxb3 10. axb3 h6 11. f4 exf4 12. Bxf4 Nh7 13. Ng4 Bg5 14. Qf3 f5 15. Nh2 Qb6+ 16. Qf2 Qxf2+ 17. Rxf2 fxe4 18. Bxg5 Rxf2 19. Kxf2 Nxg5 20. Nxe4 Nxe4+ 21. dxe4 Be6 22. Nf3 a6 23. Rd1 Rd8 24. e5 d5 25. b4 Kf7 26. Ke3 b6 27. Nd4 c5 28. Rf1+ 1-0

[Event "Viljandimaa Kreis-ch"]
[Site "Viljandi"]
[Date "2003.11.22"]
[Round "10"]
[White "Mondrescu, Ion"]
[Black "Kuldsepp, Tanel"]
[Result "0-1"]
[WhiteElo "2083"]
[BlackElo "2181"]
[PlyCount "72"]
[EventDate "2003.10.18"]
[EventType "tourn"]
[EventRounds "14"]
[EventCountry "EST"]
[SourceTitle "EXT 2018"]
[Source "ChessBase"]
[SourceDate "2017.10.13"]
[SourceVersion "1"]
[SourceVersionDate "2017.10.13"]
[SourceQuality "1"]

1. d4 Nf6 2. c4 c5 3. d5 b5 4. cxb5 a6 5. Nc3 axb5 6. Nxb5 Ba6 7. Nc3 d6 8. e4 Bxf1 9. Kxf1 g6 10. Nge2 Bg7 11. g3 0-0 12. Kg2 Nbd7 13. Rf1 Ra6 14. Rb1 Qa8 15. a3 e6 16. dxe6 fxe6 17. f3 d5 18. exd5 exd5 19. Nf4 Kh8 20. Re1 d4 21. Ne4 Nxe4 22. Rxe4 Ne5 23. h4 h6 24. Qe2 d3 25. Nxd3 Nxf3 26. Nxc5 Raf6 27. Be3 Rf5 28. Rc1 Re5 29. Rcc4 g5 30. hxg5 hxg5 31. Bg1 g4 32. Nd7 Rd8 33. Nb6 Qb7 34. Bf2 Nd2 35. Qxg4 Rxe4 36. Rxe4 Qxe4+ 0-1

[Event "Viljandimaa Kreis-ch"]
[Site "Viljandi"]
[Date "2003.10.25"]
[Round "3"]
[White "Kanep, Siim"]
[Black "Mondrescu, Ion"]
[Result "1-0"]
[WhiteElo "2159"]
[BlackElo "2083"]
[PlyCount "67"]
[EventDate "2003.10.18"]
[EventType "tourn"]
[EventRounds "14"]
[EventCountry "EST"]
[SourceTitle "EXT 2018"]
[Source "ChessBase"]
[SourceDate "2017.10.13"]
[SourceVersion "1"]
[SourceVersionDate "2017.10.13"]
[SourceQuality "1"]

1. d4 d5 2. c4 c6 3. Nf3 Nf6 4. Nc3 e6 5. e3 Be7 6. Bd3 0-0 7. 0-0 Nbd7 8. e4 dxe4 9. Nxe4 Nxe4 10. Bxe4 Nf6 11. Bc2 c5 12. Bg5 h6 13. Bh4 b6 14. Qd3 g6 15. Ne5 Qe8 16. Qf3 g5 17. Bxg5 hxg5 18. Qxa8 cxd4 19. Qf3 Kg7 20. Rad1 Bd6 21. Qg3 Nh7 22. Rxd4 Bb8 23. Qd3 Rh8 24. Nf3 Nf6 25. Qe3 Qe7 26. Qxg5+ Kf8 27. Rfd1 Bc7 28. Qd2 Bb7 29. Rd8+ Ne8 30. Ba4 Bxd8 31. Qxd8 Bxf3 32. gxf3 Rh6 33. Bxe8 Qxe8 34. Rd7 1-0